Countries Without McDonald's Quiz Stats

 Plays Quiz Updated Jan 10, 2017

Challenge
Share
Tweet
Embed
Score 0/20 Timer 04:00
6 Plays Today
% Correct
North Korea
85.5%
Kyrgyzstan
81.8%
Afghanistan
81.2%
Bhutan
78.4%
Tajikistan
77.1%
Turkmenistan
76.7%
Iran
74.7%
Lesotho
73.5%
Syria
68.3%
Seychelles
68.1%
% Correct
Libya
65.5%
Nepal
64.9%
Laos
62.9%
Liberia
56.8%
Cambodia
54.1%
Iceland
40.6%
Barbados
37.9%
Montenegro
37.1%
Bolivia
26.5%
Jamaica
24.9%

You're not logged in!

Compare scores with friends on all Sporcle quizzes.
Join for Free
OR
Log In

You Might Also Like...

Show Comments

Extras

Top Quizzes Today


Score Distribution

Your Account Isn't Verified!

In order to create a playlist on Sporcle, you need to verify the email address you used during registration. Go to your Sporcle Settings to finish the process.

Report this User

Report this user for behavior that violates our Community Guidelines.

Details: